<?xml version="1.0" encoding="UTF-8"?><?xml-stylesheet type="text/xsl" href="static/style.xsl"?><OAI-PMH xmlns="http://www.openarchives.org/OAI/2.0/" xmlns:xsi="http://www.w3.org/2001/XMLSchema-instance" xsi:schemaLocation="http://www.openarchives.org/OAI/2.0/ http://www.openarchives.org/OAI/2.0/OAI-PMH.xsd"><responseDate>2026-04-13T07:36:03Z</responseDate><request verb="GetRecord" identifier="oai:www.recercat.cat:2117/172338" metadataPrefix="marc">https://recercat.cat/oai/request</request><GetRecord><record><header><identifier>oai:recercat.cat:2117/172338</identifier><datestamp>2025-07-23T03:20:09Z</datestamp><setSpec>com_2072_1033</setSpec><setSpec>col_2072_452951</setSpec></header><metadata><record xmlns="http://www.loc.gov/MARC21/slim" xmlns:dcterms="http://purl.org/dc/terms/" xmlns:xsi="http://www.w3.org/2001/XMLSchema-instance" xmlns:doc="http://www.lyncode.com/xoai" xsi:schemaLocation="http://www.loc.gov/MARC21/slim http://www.loc.gov/standards/marcxml/schema/MARC21slim.xsd">
   <leader>00925njm 22002777a 4500</leader>
   <datafield ind2=" " ind1=" " tag="042">
      <subfield code="a">dc</subfield>
   </datafield>
   <datafield ind2=" " ind1=" " tag="720">
      <subfield code="a">Lorenzo Tena, Oscar</subfield>
      <subfield code="e">author</subfield>
   </datafield>
   <datafield ind2=" " ind1=" " tag="260">
      <subfield code="c">2019-10</subfield>
   </datafield>
   <datafield ind2=" " ind1=" " tag="520">
      <subfield code="a">El trabajo siguiente se ha desarrollado en varios puntos. el primero de ellos es una introducción histórica en el mundo de la soldadura y los hechos que motivaron su desarrollo. en el capítulo 3 hablo de la soldadura en general, empezando por explicar que es la soldadura dando una serie de definiciones, y que tipos de soldadura existen actualmente intentando hacer una clasificación. la soldadura gtaw/tig se desarrolla en el cuarto capítulo, entrando en profundidad en este tipo de soldadura, el equipo necesario y elementos que forman parte de ella. el capítulo 5 está dedicado a la soldadura mediante electrodo revestido o proceso de soldadura smaw de las siglas en ingles shield metal arc welding. el sexto capítulo habla de todo lo que hace referencia a la seguridad, que elementos de seguridad debemos tener en cuenta y con qué equipo debemos contar antes de llevar a cabo una soldadura mediante el método tig. en el capítulo 7analiza todo lo relacionado con la normativa y los diferentes organismos existentes que regulan los procesos de soldadura asi como todo lo relacionado con soldadura certificada. el ultimo capitulo se analizan una serie de casos prácticos de soldadura aplicados en la industria naval, concretamente en los remolcadores de la empresa sar del puerto de barcelona.</subfield>
   </datafield>
   <datafield tag="653" ind2=" " ind1=" ">
      <subfield code="a">Àrees temàtiques de la UPC::Nàutica::Arquitectura naval::Construcció naval</subfield>
   </datafield>
   <datafield tag="653" ind2=" " ind1=" ">
      <subfield code="a">Soldadura</subfield>
   </datafield>
   <datafield tag="653" ind2=" " ind1=" ">
      <subfield code="a">Naval</subfield>
   </datafield>
   <datafield tag="653" ind2=" " ind1=" ">
      <subfield code="a">Tig</subfield>
   </datafield>
   <datafield tag="653" ind2=" " ind1=" ">
      <subfield code="a">Electrodo revestido</subfield>
   </datafield>
   <datafield tag="653" ind2=" " ind1=" ">
      <subfield code="a">Analisis casos practicos</subfield>
   </datafield>
   <datafield tag="653" ind2=" " ind1=" ">
      <subfield code="a">Sistemas union</subfield>
   </datafield>
   <datafield tag="653" ind2=" " ind1=" ">
      <subfield code="a">Normativa</subfield>
   </datafield>
   <datafield tag="653" ind2=" " ind1=" ">
      <subfield code="a">Soldadura certificada</subfield>
   </datafield>
   <datafield tag="653" ind2=" " ind1=" ">
      <subfield code="a">Soldadura</subfield>
   </datafield>
   <datafield tag="653" ind2=" " ind1=" ">
      <subfield code="a">Soldadura elèctrica</subfield>
   </datafield>
   <datafield tag="653" ind2=" " ind1=" ">
      <subfield code="a">Construcció naval -- Soldadura</subfield>
   </datafield>
   <datafield ind2="0" ind1="0" tag="245">
      <subfield code="a">Estudio de los procesos de soldadura GTAW y SMAW en la industria naval : análisis de casos prácticos</subfield>
   </datafield>
</record></metadata></record></GetRecord></OAI-PMH>